Nový přístup ke klientům v retailovém bankovnictví

Snaha bánk o znižovanie nákladov na obsluhu klientov na pobočke. Postupné zavádzanie automatizovaných distribučných kanálov. Propagácia nových produktov a služieb v bankách. Bankomaty nielen na výber hotovosti, ale aj na vklady.

Gespeichert in:
Bibliographische Detailangaben
1. Verfasser: Fiala, Libor
Weitere Verfasser: Kaczorová, Zuzana
Format: Buchkapitel
Sprache:Tschechisch
Schlagworte:
Tags: Tag hinzufügen
Keine Tags, Fügen Sie das erste Tag hinzu!

MARC

LEADER 00000naa a2200000 4500
001 r034671
005 20230929094245.1
041 0 |a cze 
044 |a CZ 
245 1 0 |a Nový přístup ke klientům v retailovém bankovnictví  |c Libor Fiala, Zuzana Kaczorová 
520 |a Snaha bánk o znižovanie nákladov na obsluhu klientov na pobočke. Postupné zavádzanie automatizovaných distribučných kanálov. Propagácia nových produktov a služieb v bankách. Bankomaty nielen na výber hotovosti, ale aj na vklady. 
610 2 0 |a bankovníctvo 
610 2 0 |a banky obchodné 
610 2 0 |a klienti 
610 2 0 |a bankomaty 
610 2 0 |a služby bankové 
610 2 0 |a náklady prevádzkové 
610 2 0 |a propagácia 
610 2 0 |a vklady 
610 2 0 |a kanály distribučné 
100 1 |a Fiala, Libor 
700 1 |a Kaczorová, Zuzana